| 000 | 00382nam a22001097a 4500 | ||
|---|---|---|---|
| 082 | _a220 PRO | ||
| 100 |
_aNC KASHAN ALI NC JAMAL BIN SHABBIR PC HAFIZ MUHAMMAD ILYAS _970607 |
||
| 245 | _aPR-SOF-1821- DEVELOPMENT AND CHARACTERIZATION OF ALUMINA BASED MEMBRNAES FOR WATER PURIFICATION | ||
| 260 |
_aISLAMABAD _bNUST COLLEGE OF EME _c2019 |
||
| 650 |
_aDE-MECH-37 _970562 |
||
| 942 | _cCR | ||
| 999 |
_c577564 _d577564 |
||